00290nam a2200109 a 4500008004100000020001500041050001500056100001800071245004400089260003800133350000900171120416s1995 ||||||||||||||||| || u a0074518739 aTD 345 Raj aRaju, B. S. N10aWater supply and wastewater engineering aNew DelhibTata McGraw-Hillc1995 a0.00